Wavelets and their applications
This book is introduction to wavelet technology helps engineers master the basic techniques for using wavelets in such applications as image compression, turbulence, human vision, radar, and earthquake prediction. Among the topics covered are the mathematical framework for wavelets, the various wave...
Đã lưu trong:
| 主要作者: | |
|---|---|
| 格式: | 圖書 |
| 語言: | Undetermined |
| 出版: |
London ; Newport Beach, CA
ISTE
2007
|
| 主題: | |
| 標簽: |
添加標簽
沒有標簽, 成為第一個標記此記錄!
|
| Thư viện lưu trữ: | Trung tâm Học liệu Trường Đại học Cần Thơ |
|---|
| LEADER | 00939nam a2200205Ia 4500 | ||
|---|---|---|---|
| 001 | CTU_132483 | ||
| 008 | 210402s9999 xx 000 0 und d | ||
| 020 | |c 2996000 | ||
| 082 | |a 515.2433 | ||
| 082 | |b M678 | ||
| 100 | |a Misiti, Michel | ||
| 245 | 0 | |a Wavelets and their applications | |
| 245 | 0 | |c edited by Michel Misiti ... [et al.]. | |
| 260 | |a London ; Newport Beach, CA | ||
| 260 | |b ISTE | ||
| 260 | |c 2007 | ||
| 520 | |a This book is introduction to wavelet technology helps engineers master the basic techniques for using wavelets in such applications as image compression, turbulence, human vision, radar, and earthquake prediction. Among the topics covered are the mathematical framework for wavelets, the various wavelet families, signal denoising, and image processing | ||
| 650 | |a Wavelets (Mathematics),Sóng giao thoa (Toán học) | ||
| 904 | |i Tuyến | ||
| 980 | |a Trung tâm Học liệu Trường Đại học Cần Thơ | ||